| 000 | nam a22 4500 | ||
|---|---|---|---|
| 999 |
_c29180 _d29180 |
||
| 008 | 171120b xxu||||| |||| 00| 0 eng d | ||
| 020 | _a8170354587 | ||
| 050 | _aGC 116 .S28 2007 | ||
| 100 | _aSatyanarayana, D. | ||
| 245 | _aMarine chemistry / | ||
| 260 |
_aNew Delhi : _bDaya Publishing House, _c2007. |
||
| 300 |
_axi,191p. : _bill. (some col.). ; _c22 cm. |
||
| 500 | _aIncludes bibliographic references and index. | ||
| 650 | _aChemical oceanography. | ||
| 942 |
_2lcc _cBOOKS _hGC 116 .S28 2007 _01 |
||